|
|
|
|
| LEADER |
01458nam a2200349 a 4500 |
| 001 |
000309768 |
| 003 |
CZ BrMZK |
| 005 |
20171117154558.0 |
| 007 |
ta |
| 008 |
980115s1998 xr ab f cze d |
| 015 |
|
|
|a cnb000312571
|
| 020 |
|
|
|a 80-200-0652-4
|
| 035 |
|
|
|a (OCoLC)43370613
|
| 040 |
|
|
|a BOA001
|b cze
|
| 080 |
|
|
|a 904(437.123)
|2 MRF
|
| 080 |
|
|
|a 903.4(437.123)
|2 MRF
|
| 100 |
1 |
|
|a Šolle, Miloš,
|d 1916-2004
|7 jk01130729
|4 aut
|
| 245 |
1 |
0 |
|a Hradsko na Kokořínsku - Canburg franckých análů :
|b vývoj osídlení od pravěku až po středověk /
|c Miloš Šolle
|
| 250 |
|
|
|a Vyd. 1.
|
| 260 |
|
|
|a Praha :
|b Academia,
|c 1998
|
| 300 |
|
|
|a 162 s. :
|b il., mapy, plánky ;
|c 20 cm
|
| 500 |
|
|
|a Dostupné též v digitální podobě v aplikaci Kramerius
|
| 504 |
|
|
|a Obsahuje bibliografii
|
| 653 |
0 |
|
|a Hradsko-okres Mělník (Česko)
|a archeologické výzkumy
|a slovanská hradiska
|
| 856 |
4 |
1 |
|u http://www.digitalniknihovna.cz/mzk/uuid/uuid:05876d80-b317-11e6-a108-005056827e51
|y Digitalizovaný dokument
|x NDK
|
| 910 |
|
|
|a BOA001
|b 1-1044.401
|b PK-0129.867
|
| 920 |
|
|
|a 000310793
|
| 964 |
|
|
|a Hradsko-okres Mělník
|x výzkumy archeologické
|
| 964 |
|
|
|a Výzkumy archeologické
|y Hradsko-okres Mělník
|
| 990 |
|
|
|a BK
|
| 996 |
6 |
|
|b 2610069784
|c 1-1044.401
|l MZK
|r Sklad / do 1 hodiny
|n 6
|p p.v.
|w 000309768
|u 000010
|a 1
|e BOA001
|j MZK50
|s P
|
| 996 |
7 |
|
|b 3119012351
|c PK-0129.867
|l MZK
|r Sklad / do 1 hodiny
|n 4
|p kup
|w 000309768
|u 000020
|a 1
|e BOA001
|j MZK50
|s A
|